[Event "EU-chT Seniors 65"]
[Site "Swidnica"]
[Date "2023.07.13"]
[Round "2.4"]
[White "Wahlbom, Magnus"]
[Black "Tompa, Janos"]
[Result "1/2-1/2"]
[WhiteElo "2130"]
[BlackElo "2287"]
[PlyCount "53"]
[EventDate "2023.07.12"]
[EventType "team-swiss"]
[EventRounds "9"]
[EventCountry "POL"]
[SourceTitle "CBM 215 Extra"]
[Source "ChessBase"]
[SourceDate "2023.09.30"]
[SourceVersion "1"]
[SourceVersionDate "2023.09.30"]
[SourceQuality "1"]
[WhiteTeam "Sweden 65"]
[BlackTeam "Hungary 65"]
[WhiteTeamCountry "SWE"]
[BlackTeamCountry "HUN"]

1. e4 e5 2. Nf3 Nc6 3. Bb5 a6 4. Ba4 d6 5. c3 Be7 6. d4 b5 7. Bb3 Nf6 8. 0-0 Bg4 9. Be3 0-0 10. h3 Bh5 11. Nbd2 Rb8 12. a3 exd4 13. cxd4 d5 14. e5 Ne4 15. Bc2 f5 16. exf6 Bxf6 17. Nxe4 dxe4 18. Bxe4 Bxf3 19. Qxf3 Nxd4 20. Qg4 c5 21. Kh1 Qc8 22. Qh5 g6 23. Qd5+ Ne6 24. Bxc5 Rd8 25. Qb3 Qxc5 26. Qxe6+ Kg7 27. Rac1 1/2-1/2

[Event "Zalakaros Barczay Memorial"]
[Site "Zalakaros"]
[Date "2023.06.04"]
[Round "2"]
[White "Szakmary, Domonkos"]
[Black "Tompa, Janos"]
[Result "1/2-1/2"]
[WhiteElo "2009"]
[BlackElo "2303"]
[PlyCount "20"]
[EventDate "2023.06.03"]
[EventType "swiss"]
[EventRounds "9"]
[EventCountry "HUN"]
[SourceTitle "CBM 214 Extra"]
[Source "ChessBase"]
[SourceDate "2023.07.31"]
[SourceVersion "1"]
[SourceVersionDate "2023.07.31"]
[SourceQuality "1"]

1. e4 e5 2. d4 exd4 3. Qxd4 Nc6 4. Qe3 g6 5. Nc3 Bg7 6. Bd2 Nf6 7. 0-0-0 0-0 8. Qg3 Nh5 9. Qe3 Nf6 10. Qg3 Nh5 1/2-1/2

[Event "Budapest Vezerkepzo IM 07"]
[Site "Budapest"]
[Date "2022.07.25"]
[Round "8"]
[White "Konyves, Almos"]
[Black "Tompa, Janos"]
[Result "1/2-1/2"]
[WhiteElo "2229"]
[BlackElo "2324"]
[PlyCount "69"]
[EventDate "2022.07.18"]
[EventType "tourn"]
[EventRounds "9"]
[EventCountry "HUN"]
[SourceTitle "CBM 209 Extra"]
[Source "ChessBase"]
[SourceDate "2022.09.30"]
[SourceVersion "1"]
[SourceVersionDate "2022.09.30"]
[SourceQuality "1"]

1. d4 Nf6 2. c4 e6 3. Nc3 Bb4 4. e3 c5 5. Nge2 0-0 6. a3 cxd4 7. exd4 Be7 8. d5 exd5 9. cxd5 Bc5 10. Nd4 d6 11. Be2 h6 12. 0-0 Re8 13. b4 Bb6 14. Bb2 a6 15. a4 a5 16. Ba3 axb4 17. Bxb4 Ba5 18. Bxa5 Rxa5 19. Bb5 Bd7 20. Re1 Re5 21. Nb3 Rxe1+ 22. Qxe1 Ra8 23. Qe3 Bxb5 24. Nxb5 Ra6 25. Qd4 Nbd7 26. Rc1 Ne8 27. a5 b6 28. Qc4 bxa5 29. Qc8 Ra8 30. Qxd8 Rxd8 31. Nxa5 Nb6 32. Nc6 Ra8 33. Ne7+ Kf8 34. Nf5 Nxd5 35. Nfxd6 1/2-1/2

[Event "Zalakaros Barczay Memorial"]
[Site "Zalakaros"]
[Date "2019.05.29"]
[Round "7"]
[White "Marton, Jozsef"]
[Black "Tompa, Janos"]
[Result "0-1"]
[WhiteElo "2069"]
[BlackElo "2356"]
[PlyCount "74"]
[EventDate "2019.05.23"]
[EventType "swiss"]
[EventRounds "9"]
[EventCountry "HUN"]
[SourceTitle "CBM 190 Extra"]
[Source "ChessBase"]
[SourceDate "2019.07.15"]
[SourceVersion "1"]
[SourceVersionDate "2019.07.15"]
[SourceQuality "1"]

1. d4 Nf6 2. Nf3 e6 3. c4 b6 4. a3 Bb7 5. Nc3 Be7 6. d5 d6 7. e4 c6 8. Be2 cxd5 9. cxd5 e5 10. 0-0 0-0 11. Be3 Ne8 12. Nd2 Bg5 13. Nc4 Bxe3 14. Nxe3 g6 15. g4 Nd7 16. Bb5 Ndf6 17. Kh1 Ng7 18. Qf3 Bc8 19. Rg1 a6 20. Be2 Ra7 21. Rg2 h6 22. Rag1 Nh7 23. Qg3 b5 24. Nf5 Bxf5 25. gxf5 g5 26. h4 f6 27. Rh2 Kf7 28. hxg5 Nxg5 29. Rxh6 Rh8 30. Rxh8 Qxh8+ 31. Kg2 Rb7 32. Rh1 Qf8 33. Rh6 Nxf5 34. Rxf6+ Kxf6 35. exf5 Rg7 36. Qh4 Ke7 37. Ne4 Qxf5 0-1

[Event "Zalakaros op 37th"]
[Site "Zalakaros"]
[Date "2018.05.30"]
[Round "6"]
[White "Tompa, Janos"]
[Black "Karacsonyi, Gellert"]
[Result "1/2-1/2"]
[WhiteElo "2372"]
[BlackElo "2208"]
[PlyCount "37"]
[EventDate "2018.05.25"]
[EventType "swiss"]
[EventRounds "9"]
[EventCountry "HUN"]
[SourceTitle "CBM 184 Extra"]
[Source "ChessBase"]
[SourceDate "2018.06.28"]
[SourceVersion "1"]
[SourceVersionDate "2018.06.28"]
[SourceQuality "1"]

1. e4 c5 2. Nf3 Nc6 3. d4 cxd4 4. Nxd4 g6 5. Be2 Bg7 6. Nb3 Nf6 7. Nc3 0-0 8. 0-0 d6 9. Kh1 Be6 10. Bg5 a5 11. a4 Bxb3 12. cxb3 Nb4 13. f4 Rc8 14. Rc1 Nd7 15. Bh4 Nc5 16. Bc4 Nc6 17. Bd5 Nb4 18. Bc4 Nc6 19. Bd5 1/2-1/2

[Event "Zalakaros op 37th"]
[Site "Zalakaros"]
[Date "2018.05.29"]
[Round "5"]
[White "Suta, Andraz"]
[Black "Tompa, Janos"]
[Result "0-1"]
[WhiteElo "2212"]
[BlackElo "2372"]
[PlyCount "62"]
[EventDate "2018.05.25"]
[EventType "swiss"]
[EventRounds "9"]
[EventCountry "HUN"]
[SourceTitle "CBM 184 Extra"]
[Source "ChessBase"]
[SourceDate "2018.06.28"]
[SourceVersion "1"]
[SourceVersionDate "2018.06.28"]
[SourceQuality "1"]

1. e4 c5 2. Nf3 e6 3. d4 cxd4 4. Nxd4 Bc5 5. Nb3 Bb6 6. Bd3 Ne7 7. Qe2 Nbc6 8. Nc3 0-0 9. Be3 f5 10. Bxb6 Qxb6 11. exf5 Nxf5 12. 0-0-0 Nb4 13. g3 Nxd3+ 14. Rxd3 a5 15. a3 d5 16. Rhd1 Bd7 17. f4 Rac8 18. g4 Nd6 19. f5 Nc4 20. fxe6 Bxe6 21. a4 Rf2 22. Qe1 Rxh2 23. Nxd5 Bxd5 24. Rxd5 Ne3 25. R5d2 Rxc2+ 26. Kb1 Rhxd2 27. Rxd2 Qxb3 28. Rxc2 Qxc2+ 29. Ka2 Qxa4+ 30. Kb1 Qd1+ 31. Ka2 Qxe1 0-1

[Event "Zalakaros op 37th"]
[Site "Zalakaros"]
[Date "2018.05.25"]
[Round "1"]
[White "Juhasz, Judit"]
[Black "Tompa, Janos"]
[Result "0-1"]
[WhiteElo "1926"]
[BlackElo "2372"]
[PlyCount "72"]
[EventDate "2018.05.25"]
[EventType "swiss"]
[EventRounds "9"]
[EventCountry "HUN"]
[SourceTitle "CBM 184 Extra"]
[Source "ChessBase"]
[SourceDate "2018.06.28"]
[SourceVersion "1"]
[SourceVersionDate "2018.06.28"]
[SourceQuality "1"]

1. e4 c5 2. Nf3 e6 3. d4 cxd4 4. Nxd4 d6 5. Be2 Nf6 6. Nc3 a6 7. a4 Nc6 8. Be3 Qc7 9. 0-0 Be7 10. f4 0-0 11. Kh1 Bd7 12. Qe1 Nxd4 13. Bxd4 Bc6 14. Qg3 b6 15. Rae1 Rfd8 16. Bd3 Qb7 17. Qh3 g6 18. e5 Nh5 19. Be4 dxe5 20. Bxe5 f5 21. Bf3 Bxf3 22. Rxf3 Rd2 23. Rd3 Rd8 24. Rxd8+ Bxd8 25. Rd1 Rxd1+ 26. Nxd1 Qe4 27. Qc3 Nxf4 28. Ne3 Nd5 29. Nxd5 Qxd5 30. h3 Qc5 31. Qd3 Be7 32. Bd4 Qd6 33. Qc3 Kf7 34. Be5 Qd1+ 35. Kh2 Bc5 36. Kg3 g5 0-1

[Event "HUN-chT 1718"]
[Site "Hungary"]
[Date "2018.05.06"]
[Round "9.9"]
[White "Tompa, Janos"]
[Black "Fendrik, Lajos"]
[Result "1-0"]
[WhiteElo "2371"]
[BlackElo "2202"]
[PlyCount "71"]
[EventDate "2017.11.25"]
[EventType "team-tourn"]
[EventRounds "9"]
[EventCountry "HUN"]
[SourceTitle "EXT 2019"]
[Source "ChessBase"]
[SourceDate "2018.10.10"]
[SourceVersion "1"]
[SourceVersionDate "2018.10.10"]
[SourceQuality "1"]
[WhiteTeam "Dunaharaszti"]
[BlackTeam "Husi"]
[WhiteTeamCountry "HUN"]
[BlackTeamCountry "HUN"]

1. Nf3 Nf6 2. g3 d5 3. d3 c5 4. Bg2 Nc6 5. Nbd2 e5 6. e4 Be7 7. 0-0 0-0 8. Re1 d4 9. Nc4 Qc7 10. a4 Ne8 11. c3 Bg4 12. h3 Be6 13. cxd4 cxd4 14. Bd2 f6 15. Rc1 Qd7 16. Kh2 Nb4 17. Bf1 Na2 18. Ra1 Bxc4 19. dxc4 Nb4 20. a5 Na6 21. Ra4 Nc5 22. Ra1 Nd6 23. Qc2 Ndxe4 24. Rxe4 Qf5 25. Bb4 Qxf3 26. Bg2 Qb3 27. Qxb3 Nxb3 28. Bxe7 Nxa1 29. Bxf8 Nb3 30. Bb4 Rd8 31. Re1 b6 32. axb6 axb6 33. f4 exf4 34. Bd5+ Kh8 35. gxf4 g5 36. Be7 1-0

[Event "HUN-chT 1718"]
[Site "Hungary"]
[Date "2018.01.28"]
[Round "5.7"]
[White "Ribli, Zoltan"]
[Black "Tompa, Janos"]
[Result "1-0"]
[WhiteElo "2526"]
[BlackElo "2371"]
[PlyCount "89"]
[EventDate "2017.11.25"]
[EventType "team-tourn"]
[EventRounds "9"]
[EventCountry "HUN"]
[SourceTitle "EXT 2019"]
[Source "ChessBase"]
[SourceDate "2018.10.10"]
[SourceVersion "1"]
[SourceVersionDate "2018.10.10"]
[SourceQuality "1"]
[WhiteTeam "Aquaprofit"]
[BlackTeam "Dunaharaszti"]
[WhiteTeamCountry "HUN"]
[BlackTeamCountry "HUN"]

1. Nf3 e6 2. g3 b6 3. Bg2 Bb7 4. c4 Nf6 5. Nc3 Be7 6. 0-0 0-0 7. d4 Na6 8. d5 Nc5 9. Nd4 a5 10. e4 e5 11. Nf5 Ne8 12. f4 Bf6 13. Be3 d6 14. Qd2 Bc8 15. Rae1 Kh8 16. Kh1 g6 17. Nh6 Qe7 18. f5 Bg7 19. Re2 f6 20. h4 Bxh6 21. Bxh6 Rg8 22. Kh2 gxf5 23. exf5 a4 24. Re3 Bd7 25. Qe2 Rb8 26. g4 Ng7 27. Bh3 Qe8 28. g5 b5 29. cxb5 e4 30. Kh1 Qe5 31. Qh2 Qxh2+ 32. Kxh2 Ne8 33. Rg1 Bxb5 34. Nxe4 Nxe4 35. Rxe4 Bd3 36. Rxa4 Rxb2+ 37. Rg2 Rxg2+ 38. Kxg2 Ng7 39. Bxg7+ Rxg7 40. Ra8+ Rg8 41. Rxg8+ Kxg8 42. a4 Be4+ 43. Kf2 Bxd5 44. Bg2 Bc4 45. Bb7 1-0

[Event "HUN-chT 1718"]
[Site "Hungary"]
[Date "2017.12.03"]
[Round "3.7"]
[White "Kozak, Adam"]
[Black "Tompa, Janos"]
[Result "1/2-1/2"]
[WhiteElo "2422"]
[BlackElo "2371"]
[PlyCount "191"]
[EventDate "2017.11.25"]
[EventType "team-tourn"]
[EventRounds "9"]
[EventCountry "HUN"]
[SourceTitle "EXT 2019"]
[Source "ChessBase"]
[SourceDate "2018.10.10"]
[SourceVersion "1"]
[SourceVersionDate "2018.10.10"]
[SourceQuality "1"]
[WhiteTeam "DVTK"]
[BlackTeam "Dunaharaszti"]
[WhiteTeamCountry "HUN"]
[BlackTeamCountry "HUN"]

1. d4 Nf6 2. c4 e6 3. Nf3 b6 4. g3 Bb7 5. Bg2 Be7 6. 0-0 0-0 7. Nc3 d5 8. Ne5 Na6 9. Bf4 c5 10. cxd5 exd5 11. dxc5 Nxc5 12. Nf3 Nce4 13. Be5 Ng4 14. Bd4 f5 15. Qb3 Kh8 16. Rad1 Rc8 17. Ne5 Nxe5 18. Bxe5 Rc4 19. e3 Rb4 20. Qc2 Qc8 21. Qb1 Qe6 22. Bd4 Bf6 23. a3 Bxd4 24. axb4 Bxc3 25. Bxe4 Bxb4 26. Bf3 Ba6 27. Bxd5 Qf6 28. Bf3 Bxf1 29. Kxf1 Bd6 30. Rd5 g6 31. Qd3 Rd8 32. Qa6 Qe7 33. b3 Rd7 34. Qd3 Qf6 35. h4 Kg7 36. Kg2 Rd8 37. Qa6 Qe7 38. Qa1+ Kh6 39. Qc1 Ba3 40. Qa1 Rxd5 41. Bxd5 Bd6 42. Qh8 Qf8 43. Qd4 Qe7 44. Bf3 Qe5 45. Qc4 a5 46. Qc6 Qc5 47. Qd7 Qc7 48. Qe8 Qe7 49. Qg8 Qg7 50. Qd8 Qc7 51. Qe8 Qe7 52. Qa8 Qc7 53. Qd5 Qe7 54. h5 Bc5 55. hxg6 hxg6 56. Qg8 Qf8 57. Qc4 Kg7 58. Qb5 Qe7 59. Bd5 Qe5 60. Qc6 Qd6 61. Qb7+ Qe7 62. Qc8 Qf8 63. Qd7+ Qe7 64. Qc8 Qf8 65. Qe6 Kh6 66. Qe5 Kh7 67. Qc7+ Qe7 68. Qc8 Qf8 69. Qe6 Kh6 70. g4 fxg4 71. Be4 Qd6 72. Qxg4 Kg7 73. Qc8 Qf6 74. Qa8 Qg5+ 75. Kf1 Qf6 76. Qb7+ Kh6 77. Qd7 Qa1+ 78. Kg2 Qe5 79. Qc6 Qd6 80. Qe8 Qf6 81. Bd3 Qg5+ 82. Kf1 Qf6 83. Bc2 Kg7 84. Ke2 Qf7 85. Qe5+ Qf6 86. Qe8 Qf7 87. Qe4 Qf6 88. f4 Qf7 89. Kf3 Qf6 90. Qd5 Qf7 91. Qe4 Qf6 92. Ke2 Kf7 93. Qd5+ Kg7 94. Bd3 Qe7 95. Qe4 Qxe4 96. Bxe4 1/2-1/2

[Event "Zalakaros op 36th"]
[Site "Zalakaros"]
[Date "2017.05.22"]
[Round "5"]
[White "Tompa, Janos"]
[Black "Szente Varga, Fruzsina"]
[Result "1-0"]
[WhiteElo "2392"]
[BlackElo "2190"]
[PlyCount "53"]
[EventDate "2017.05.18"]
[EventType "swiss"]
[EventRounds "9"]
[EventCountry "HUN"]
[SourceTitle "CBM 178 Extra"]
[Source "ChessBase"]
[SourceDate "2017.06.22"]
[SourceVersion "1"]
[SourceVersionDate "2017.06.22"]
[SourceQuality "1"]

1. f4 e5 2. e4 d5 3. exd5 exf4 4. Nf3 Bd6 5. Bb5+ c6 6. dxc6 bxc6 7. Be2 Ne7 8. 0-0 0-0 9. Nc3 Bg4 10. d4 f6 11. Ne1 Bxe2 12. Qxe2 g5 13. Qe6+ Kg7 14. Ne4 Bc7 15. Nf3 Ng6 16. Re1 g4 17. Qxg4 f5 18. Qh5 fxe4 19. Ng5 Qxd4+ 20. Be3 Qe5 21. Qxh7+ Kf6 22. Bxf4 Qxf4 23. Nxe4+ Ke6 24. Qxg6+ Kd5 25. Nc3+ Kc5 26. b4+ Kb6 27. Nd5+ 1-0

[Event "HUN-chT 1617"]
[Site "Hungary"]
[Date "2017.04.08"]
[Round "8.7"]
[White "Tompa, Janos"]
[Black "Boros, Denes"]
[Result "1/2-1/2"]
[WhiteElo "2386"]
[BlackElo "2442"]
[PlyCount "25"]
[EventDate "2016.10.30"]
[EventType "team-tourn"]
[EventRounds "9"]
[EventCountry "HUN"]
[SourceTitle "EXT 2018"]
[Source "ChessBase"]
[SourceDate "2017.10.13"]
[SourceVersion "1"]
[SourceVersionDate "2017.10.13"]
[SourceQuality "1"]
[WhiteTeam "Dunaharaszti"]
[BlackTeam "DVTK"]
[WhiteTeamCountry "HUN"]
[BlackTeamCountry "HUN"]

1. e4 e6 2. d4 d5 3. Nd2 dxe4 4. Nxe4 Nd7 5. g3 Be7 6. Bg2 Ngf6 7. Nxf6+ Bxf6 8. Nf3 0-0 9. 0-0 e5 10. Be3 c6 11. c3 exd4 12. Bxd4 Bxd4 13. Qxd4 1/2-1/2

[Event "HUN-chT 1617"]
[Site "Hungary"]
[Date "2016.11.13"]
[Round "2.7"]
[White "Fodor, Tamas Jr"]
[Black "Tompa, Janos"]
[Result "1-0"]
[WhiteElo "2493"]
[BlackElo "2386"]
[PlyCount "57"]
[EventDate "2016.10.30"]
[EventType "team-tourn"]
[EventRounds "9"]
[EventCountry "HUN"]
[SourceTitle "CBM 175 Extra"]
[Source "ChessBase"]
[SourceDate "2016.12.12"]
[SourceVersion "1"]
[SourceVersionDate "2016.12.12"]
[SourceQuality "1"]
[WhiteTeam "Paks"]
[BlackTeam "Dunaharaszti"]
[WhiteTeamCountry "HUN"]
[BlackTeamCountry "HUN"]

1. c4 e5 2. g3 Nf6 3. Nc3 d5 4. cxd5 Nxd5 5. Bg2 Nb6 6. e3 Be7 7. Nge2 Nc6 8. 0-0 0-0 9. f4 exf4 10. Nxf4 Ne5 11. d4 Ng6 12. e4 c5 13. Nxg6 hxg6 14. d5 Nc4 15. Bf4 g5 16. Qe2 gxf4 17. Qxc4 fxg3 18. e5 gxh2+ 19. Kh1 b5 20. Qxb5 Bd7 21. Qe2 Rb8 22. Be4 g6 23. Qg2 Bg5 24. Rf3 Qe7 25. e6 Be8 26. d6 Qxe6 27. Qxg5 Rxb2 28. Bd5 Qxd6 29. Rf6 1-0